El Nomos de la Tierra en el Derecho de Gentes del "Jus publicum europaeum"
Guardat en:
| Autor principal: | |
|---|---|
| Format: | Llibre |
| Publicat: |
Madrid, España:
Centro de Estudios Constitucionales,
1979.
|
| Matèries: | |
| Etiquetes: |
Afegir etiqueta
Sense etiquetes, Sigues el primer a etiquetar aquest registre!
|
MARC
| LEADER | 00000nam a22000007a 4500 | ||
|---|---|---|---|
| 003 | CL-VaPUC | ||
| 005 | 20250327113713.0 | ||
| 008 | 220715t1979 ||||| |||| 00| 0 eng d | ||
| 999 | |c 437100 |d 437098 | ||
| 020 | |a 84-259-0620-2 | ||
| 040 | |c Pontificia Universidad Católica de Valparaíso | ||
| 082 | 7 | |a 341.09 SCH 1979 |2 22 | |
| 100 | |a Schmitt, Carl, |d 1888-1985 |e autor |9 258380 | ||
| 245 | 1 | 3 | |a El Nomos de la Tierra en el Derecho de Gentes del "Jus publicum europaeum" |
| 260 | |a Madrid, España: |b Centro de Estudios Constitucionales, |c 1979. | ||
| 300 | |a 443 páginas. | ||
| 500 | |a c.1 Donación Familia Prof. Alejandro Guzmán Brito. | ||
| 583 | |a last modification |c 20161026 05:17:34 |k Cristina María Rojas Aguilar | ||
| 650 | |a Derecho internacional |x Historia |9 873061 | ||
| 942 | |c BK |2 ddc |n 0 | ||
| 952 | |0 0 |1 0 |2 ddc |4 0 |6 341_090000000000000_SCH_1979 |7 0 |8 C_AGB |9 584845 |a BIBDER |b BIBDER |d 2022-07-15 |e Donación |i 5652970 |o 341.09 SCH 1979 |p 5652970 |r 2023-01-25 |t 1 |w 2022-07-15 |y BK_US |k AGB | ||